| 000 | 00595nam a22002057a 4500 | ||
|---|---|---|---|
| 001 | 34493 | ||
| 003 | BD-RjUL | ||
| 005 | 20211209052153.0 | ||
| 008 | 140517r b ||||| |||| 00| 0 eng d | ||
| 035 | _a(BD-RjUL) | ||
| 040 |
_aBD-RjUL _beng _cBD-RjUL _dBD-RjUL |
||
| 041 | _aeng | ||
| 082 |
_a306.854 _bKHC 1961 |
||
| 100 | 1 |
_aKhan, Serajul Hoque _9104906 |
|
| 245 |
_aChanging urban family pattern / _cKhan, Serajul Hoque |
||
| 260 |
_aDacca : _bCollege of social welfare and research centre, _c1961. |
||
| 300 |
_a[4] 139 p. ; _c29 cm. |
||
| 650 |
_aUrban families _9108878 |
||
| 942 |
_2ddc _cBK |
||
| 999 |
_c34493 _d34493 |
||